000 00722nam a2200217 a 4500
001 BRCA_8594
005 20190320210335.0
245 1 0 _aCarpeta con poco dibujos.
260 _a[s.l.]
_b[s.i.]
_cs.XVII?
300 _a1 vol. (sin paginación)
_bil.
_c31 cm
500 _aFondo antiguo
500 _aSe encuentra en Caja Fuerte
500 _aLB-5/(CO8-410)
500 _aCarpeta con 16 dibujos
500 _aEn las páginas finales del documento se localizan algunas firmas
500 _aEjemplar conservado en carpeta negra
500 _aNota de encuadernación: carpeta en piel
506 0 _aFondo reservado: para su consulta es necesario credencial de usuario y carta de motivos
902 _aLAR
942 _2lcc
_cB
999 _c8257
_d8257